The Paradise never lost/ (Record no. 190525)
[ view plain ]
| 000 -LEADER | |
|---|---|
| fixed length control field | 00570nam a22001817a 4500 |
| 005 - DATE AND TIME OF LATEST TRANSACTION | |
| control field | 20220727122547.0 |
| 010 ## - LCCN (DPL NO) | |
| LC control number | ENG-134055 |
| 020 ## - INTERNATIONAL STANDARD BOOK NUMBER | |
| International Standard Book Number | 9788128831362 |
| Terms of availability | 150.00 |
| 035 ## - SYSTEM CONTROL NUMBER | |
| System control number | EN-117587 |
| 037 ## - SOURCE OF ACQUISITION | |
| Source of stock number/acquisition | DBAD/PUB |
| 082 ## - DEWEY DECIMAL CLASSIFICATION NUMBER | |
| Classification number | 200 |
| 100 ## - MAIN ENTRY--PERSONAL NAME | |
| Personal name | Bharati,Pramod |
| 245 ## - TITLE STATEMENT | |
| Title | The Paradise never lost/ |
| Statement of responsibility, etc | Pramod Bharati |
| 260 ## - PUBLICATION, DISTRIBUTION, ETC. (IMPRINT) | |
| Place of publication, distribution, etc | New Delhi |
| Name of publisher, distributor, etc | Diamond pocket books ltd. |
| Date of publication, distribution, etc | 2010 |
| 270 ## - ADDRESS | |
| Address | X-30,Okhla industrial area,phase-II |
| City | New delhi |
| Electronic mail address | sales@dpb.in |
| Postal code | 110020 |
| Telephone number | 011-40712100 |
| Fax number | 011-41611866 |
| 300 ## - PHYSICAL DESCRIPTION | |
| Extent | 352p. |
| Dimensions | 21cm(pbk) |
| 942 ## - ADDED ENTRY ELEMENTS (KOHA) | |
| Source of classification or shelving scheme | Dewey Decimal Classification |
| Item type | English Books |
| Classification part | 200 |
| Call number suffix | BHA |
| Withdrawn status | Lost status | Not for loan | Collection code | Home library | Current library | Date acquired | Source of acquisition | Cost, normal purchase price | Full call number | Barcode | Copy number | Cost, replacement price | Koha item type |
|---|---|---|---|---|---|---|---|---|---|---|---|---|---|
| Non-fiction | Bawana | Bawana | 27/07/2022 | DBAD/PUB | 150.00 | 200 BHA | EN-117587 | 1 | 150.00 | English Books |
